Giáo trình sinh học đại cương A1
Giáo trình sinh học đại cương A1 trình bày cơ bản về sinh học tế bào, di truyền học và các học thuyết tiến hóa cơ bản.
Salvato in:
| Autore principale: | |
|---|---|
| Natura: | Libro |
| Lingua: | Undetermined |
| Pubblicazione: |
Cần Thơ
Đại học Cần Thơ
2010
|
| Soggetti: | |
| Tags: |
Aggiungi Tag
Nessun Tag, puoi essere il primo ad aggiungerne! !
|
| Thư viện lưu trữ: | Trung tâm Học liệu Trường Đại học Cần Thơ |
|---|
| LEADER | 01034nam a2200229Ia 4500 | ||
|---|---|---|---|
| 001 | CTU_173524 | ||
| 008 | 210402s9999 xx 000 0 und d | ||
| 082 | |a 570.2 | ||
| 082 | |b Gi108 | ||
| 100 | |a Trần, Phước Đường | ||
| 245 | 0 | |a Giáo trình sinh học đại cương A1 | |
| 245 | 0 | |c Gs. Ts. Trần Phước Đường chủ biên; ThS. Bùi Tấn Anh, ThS. Phạm Thị Nga biên soạn | |
| 260 | |a Cần Thơ | ||
| 260 | |b Đại học Cần Thơ | ||
| 260 | |c 2010 | ||
| 520 | |a Giáo trình sinh học đại cương A1 trình bày cơ bản về sinh học tế bào, di truyền học và các học thuyết tiến hóa cơ bản. | ||
| 526 | |a Sinh học đại cương A1,TT. Sinh học đại cương,Sinh học đại cương,TT. Sinh học đại cương A1 | ||
| 526 | |b TN025,TN043,TN042,TN027 | ||
| 650 | |a Biological,Genetics | ||
| 650 | |z Vietnam,Vietnam | ||
| 904 | |i Phong | ||
| 980 | |a Trung tâm Học liệu Trường Đại học Cần Thơ | ||